Industrial hydraulics (Record no. 7178)

000 -LEADER
fixed length control field 00551nam a2200205 i 4500
001 - CONTROL NUMBER
control field 7178
003 - CONTROL NUMBER IDENTIFIER
control field BD-DhUET
008 - FIXED-LENGTH DATA ELEMENTS--GENERAL INFORMATION
fixed length control field 780705s1979 nyua 001 0 eng
020 ## - INTERNATIONAL STANDARD BOOK NUMBER
International Standard Book Number 070664773
040 ## - CATALOGING SOURCE
Original cataloging agency DLC
Transcribing agency DLC
Modifying agency BD-DhUET
082 00 - DEWEY DECIMAL CLASSIFICATION NUMBER
Classification number 621.2
Item number PIP/1980
100 1# - MAIN ENTRY--PERSONAL NAME
Personal name Pippenger, John J.
245 10 - TITLE STATEMENT
Title Industrial hydraulics
Statement of responsibility, etc. by John J. Pippenger and Tyler G. Hicks
250 ## - EDITION STATEMENT
Edition statement 3d ed.
260 ## - PUBLICATION, DISTRIBUTION, ETC. (IMPRINT)
Place of publication, distribution, etc. New York
Name of publisher, distributor, etc. McGraw-Hill
Date of publication, distribution, etc. 1980
300 ## - PHYSICAL DESCRIPTION
Extent vi, 440 p.
Other physical details ill.
Dimensions 25 cm.
650 #0 - SUBJECT ADDED ENTRY--TOPICAL TERM
Topical term or geographic name as entry element Hydraulic machinery
700 ## - ADDED ENTRY--PERSONAL NAME
Personal name Hicks, Tyler G.
942 ## - ADDED ENTRY ELEMENTS (KOHA)
Koha item type General Book
Holdings
Not for loan Koha date last seen Lost status Copy number Source of classification or shelving scheme Shelving location Koha normalized classification for sorting Date acquired Piece designation (barcode) Sublocation or collection (holding branch) Location (home branch) Withdrawn status Price effective from Koha full call number Koha item type Damaged status
 2014-12-07 4 Circulation section621_200000000000000_PIP19802014-12-0759770Central Library, BUETCentral Library, BUET 2014-12-07621.2 /PIP/1980Contented Book  
 2014-12-07 5 Circulation section621_200000000000000_PIP19802014-12-0759771Central Library, BUETCentral Library, BUET 2014-12-07621.2 /PIP/1980Contented Book  
 2014-12-07 6 Circulation section621_200000000000000_PIP19802014-12-0759772Central Library, BUETCentral Library, BUET 2014-12-07621.2 /PIP/1980Contented Book  
 2014-12-07 1 Circulation section621_200000000000000_PIP19802014-12-0756769Central Library, BUETCentral Library, BUET 2014-12-07621.2 /PIP/1980Contented Book  
 2014-12-07 7 Circulation section621_200000000000000_PIP19802014-12-0759773Central Library, BUETCentral Library, BUET 2014-12-07621.2 /PIP/1980Contented Book  
 2014-12-07 10 Circulation section621_200000000000000_PIP19802014-12-0759776Central Library, BUETCentral Library, BUET 2014-12-07621.2 /PIP/1980Contented Book  
 2014-12-07 2 Circulation section621_200000000000000_PIP19802014-12-0756770Central Library, BUETCentral Library, BUET 2014-12-07621.2 /PIP/1980Contented Book  
 2014-12-07 9 Circulation section621_200000000000000_PIP19802014-12-0759775Central Library, BUETCentral Library, BUET 2014-12-07621.2 /PIP/1980Contented Book  
 2014-12-07 9 Circulation section621_200000000000000_PIP19802014-12-0759769Central Library, BUETCentral Library, BUET 2014-12-07621.2 /PIP/1980Contented Book  
 2014-12-07 11 Circulation section621_200000000000000_PIP19802014-12-0759777Central Library, BUETCentral Library, BUET 2014-12-07621.2 /PIP/1980Contented Book  
 2015-06-16 12 Reading section621_200000000000000_PIP_19802015-06-1659778Central Library, BUETCentral Library, BUET 2015-06-16621.2/PIP/1980Reading Item